MARC details
| 000 -CABECERA |
| campo de control de longitud fija |
01182cam a2200289 a 4500 |
| 001 - NÚMERO DE CONTROL |
| campo de control |
000020186 |
| 005 - FECHA Y HORA DE LA ÚLTIMA TRANSACCIÓN |
| campo de control |
20200929170314.0 |
| 008 - DATOS DE LONGITUD FIJA--INFORMACIÓN GENERAL |
| campo de control de longitud fija |
860916s1964 sp 001 0 spa d |
| 040 ## - FUENTE DE LA CATALOGACIÓN |
| Centro catalogador/agencia de origen |
DO-SdBNP |
| Lengua de catalogación |
spa |
| Centro/agencia transcriptor |
BNPHU |
| 082 ## - NÚMERO DE LA CLASIFICACIÓN DECIMAL DEWEY |
| Número de clasificación |
863.5 |
| Número de documento/Ítem |
F363i |
| 049 ## - FONDOS LOCALES (OCLC) |
| Fondos de biblioteca |
BNGR |
| 100 1# - ENTRADA PRINCIPAL--NOMBRE DE PERSONA |
| Nombre de persona |
Fernández Flórez, Wenceslao, |
| Fechas asociadas al nombre |
1885-1964 |
| 9 (RLIN) |
22402 |
| 245 10 - MENCIÓN DE TÍTULO |
| Título |
Impresiones de un hombre de buena fe : |
| Resto del título |
(1920-1936) / |
| Mención de responsabilidad, etc. |
Wenceslao Fernández Flórez. |
| 260 ## - PUBLICACIÓN, DISTRIBUCIÓN, ETC. |
| Lugar de publicación, distribución, etc. |
Madrid, (España) : |
| Nombre del editor, distribuidor, etc. |
Editorial Espasa-Calpe, |
| Fecha de publicación, distribución, etc. |
1964. |
| 300 ## - DESCRIPCIÓN FÍSICA |
| Extensión |
v.2 ; |
| Dimensiones |
18 cm. |
| 490 1# - MENCIÓN DE SERIE |
| Mención de serie |
Austral. Amarilla: libros póliticos y documentos de la época ; |
| Designación de volumen o secuencia |
1343 |
| 500 ## - NOTA GENERAL |
| Nota general |
Incluye índice de autores. |
| 500 ## - NOTA GENERAL |
| Nota general |
Incluye referencia biográfica del autor en la solapa. |
| 500 ## - NOTA GENERAL |
| Nota general |
Volumen extra. |
| 504 ## - NOTA DE BIBLIOGRAFÍA, ETC. |
| Nota de bibliografía, etc. |
Incluye referencias bibliográficas y notas al pie de las páginas. |
| 505 0# - NOTA DE CONTENIDO CON FORMATO |
| Nota de contenido con formato |
1. 1914-1919 -- 2. 1920-1936. |
| 650 #4 - PUNTO DE ACCESO ADICIONAL DE MATERIA--TÉRMINO DE MATERIA |
| Término de materia o nombre geográfico como elemento de entrada |
Cuentos españoles |
| 9 (RLIN) |
3194 |
| 650 #4 - PUNTO DE ACCESO ADICIONAL DE MATERIA--TÉRMINO DE MATERIA |
| Término de materia o nombre geográfico como elemento de entrada |
Crónicas españolas |
| 9 (RLIN) |
41641 |
| 651 #4 - PUNTO DE ACCESO ADICIONAL DE MATERIA--NOMBRE GEOGRÁFICO |
| Nombre geográfico |
España |
| Subdivisión general |
Cortes |
| -- |
Congreso De Los Diputados |
| 9 (RLIN) |
41642 |
| 651 #4 - PUNTO DE ACCESO ADICIONAL DE MATERIA--NOMBRE GEOGRÁFICO |
| Nombre geográfico |
España |
| Subdivisión general |
Política Y Gobierno |
| Subdivisión cronológica |
1886-1931. |
| 9 (RLIN) |
19195 |
| 830 #0 - PUNTO DE ACCESO ADICIONAL DE SERIE-TÍTULO UNIFORME |
| Título uniforme |
Austral. Amarilla: libros póliticos y documentos de la época; |
| Designación de volumen o secuencia |
1343 |
| 9 (RLIN) |
41487 |